Top 20 Countries With the Lowest Crime Rate (2021) - Statistics

General Stats
  • This quiz has been taken 97 times
  • The average score is 13 of 20
Answer Stats
Rank Crime Index Answer % Correct
11 23.75 Iceland
88%
6 22.19 Japan
86%
19 26.68 South Korea
85%
18 26.22 Denmark
81%
5 21.62 Switzerland
78%
2 15.23 United Arab Emirates
74%
1 12.13 Qatar
72%
14 25.23 Saudi Arabia
70%
16 25.54 Austria
69%
10 23.71 Estonia
68%
17 25.64 Bahrain
65%
4 20.34 Oman
64%
3 15.46 Taiwan
62%
20 27.16 Netherlands
56%
7 22.28 Slovenia
54%
15 25.52 Czech Republic
53%
12 24.59 Croatia
46%
8 22.79 Armenia
35%
9 23.38 Georgia
35%
13 24.89 Rwanda
14%
No matching quizzes found
Score Distribution
Percent of People with Each Score
Percentile by Number Answered
Your Score History
You have not taken this quiz